1769 1555 1830 1158 1924 1166 1271 1083 1765 1224 1666 1202 1697 1877 1964 1529 1703 1790 1751 1843 1260 1630 1085 1459 1178 1026 1318 1850 1191 1623 1189 1888 1235 1425 1626 1660 1277 1418 1003 1213 1560 1025 1469 1892 1602 1816 1667 1684 1381 1889 1377 1894 1839 1016 1187 1023 1469 1625 1926 1599 1031 1319 1118 1601 1112 1507 1037 1142 1711 1718 1388 1646 1791 1796 1787 1243 1809 1516 1565 1426 1605 1165 1332 1518 1466 1942 1977 1712 1857 1482 1902 1461 1287 1637 1093 1528 1996 1340 1001 BCNSPRNW ULIB Ver.6.0+V

เปลี่ยนเป็นภาษาไทย

Change to English
 แสดงรายละเอียดบรรณานุกรม
  กลับหน้าหลัก

Brief Record : Get Marc (ISO 2709) : E-mail record : QR code < ปิดหน้าต่าง
LEADER : 00000nam 2200000uu 4500
001    13399126154
003     ULIB
008    020711s2560 th a 000 0 tha d
020    ^a9786160430727
050    ^aPE1128^bล982ภ
100    ^aไลฟ์เอบีซี
245    ^aภาษาอังกฤษเพื่อการพยาบาล(ชุดภาษาสำหรับมืออาชีพ)
250    ^aพิมพ์ครั้งที่ 2
260    ^aกรุงเทพฯ :^bอินสปายร์,^c2560
300    ^a272 หน้า;^b26 ซม.
650    ^aภาษอังกฤษ--การใช้ภาษา
945    ^p195^l0^i004252
945    ^p195^l0^i004253
945    ^p195^l0^i004254
945    ^p195^l0^i004255
945    ^p195^l0^i004256
945    ^p195^l0^i004257
945    ^p195^l0^i004258
945    ^p195^l0^i004259
945    ^p195^l0^i004260
945    ^p195^l0^i004261
999    ^aประนอม เกษจรัล
รายการนี้ยังไม่มีแท็ก
คุณยังไม่ได้ล็อกอิน คุณสามารถมีกิจกรรมร่วมกับเว็บไซต์ได้ แต่ต้องล็อกอินก่อน ::
  ล็อกอิน

รายการสื่อสารสนเทศ

ลำดับที่ ประเภท เลขเรียก/บาร์โค้ด สถานที่ สถานะ
1. วิทยาศาสตร์การแพทย์ และสุขภาพ
หนังสือสำรอง
สถานะ=หนังสือสำรอง
PE1128 ล982ภ ฉ.1 
  Barcode: 004252
ห้องสมุดวิทยาเขตนครสวรรค์
►นวนิยาย:l:Fiction
บนชั้น
2. วิทยาศาสตร์การแพทย์ และสุขภาพ
วิทยาศาสตร์การแพทย์ และสุขภาพ
PE1128 ล982ภ ฉ.10 
  Barcode: 004261
ห้องสมุดวิทยาเขตนครสวรรค์
►นวนิยาย:l:Fiction
บนชั้น
3. วิทยาศาสตร์การแพทย์ และสุขภาพ
วิทยาศาสตร์การแพทย์ และสุขภาพ
PE1128 ล982ภ ฉ.2 
  Barcode: 004253
ห้องสมุดวิทยาเขตนครสวรรค์
►นวนิยาย:l:Fiction
บนชั้น
4. วิทยาศาสตร์การแพทย์ และสุขภาพ
วิทยาศาสตร์การแพทย์ และสุขภาพ
PE1128 ล982ภ ฉ.3 
  Barcode: 004254
ห้องสมุดวิทยาเขตนครสวรรค์
►นวนิยาย:l:Fiction
บนชั้น
5. วิทยาศาสตร์การแพทย์ และสุขภาพ
วิทยาศาสตร์การแพทย์ และสุขภาพ
PE1128 ล982ภ ฉ.4 
  Barcode: 004255
ห้องสมุดวิทยาเขตนครสวรรค์
►นวนิยาย:l:Fiction
บนชั้น
6. วิทยาศาสตร์การแพทย์ และสุขภาพ
วิทยาศาสตร์การแพทย์ และสุขภาพ
PE1128 ล982ภ ฉ.5 
  Barcode: 004256
ห้องสมุดวิทยาเขตนครสวรรค์
►นวนิยาย:l:Fiction
บนชั้น
7. วิทยาศาสตร์การแพทย์ และสุขภาพ
วิทยาศาสตร์การแพทย์ และสุขภาพ
PE1128 ล982ภ ฉ.6 
  Barcode: 004257
ห้องสมุดวิทยาเขตนครสวรรค์
►นวนิยาย:l:Fiction
บนชั้น
8. วิทยาศาสตร์การแพทย์ และสุขภาพ
วิทยาศาสตร์การแพทย์ และสุขภาพ
PE1128 ล982ภ ฉ.7 
  Barcode: 004258
ห้องสมุดวิทยาเขตนครสวรรค์
►นวนิยาย:l:Fiction
บนชั้น
9. วิทยาศาสตร์การแพทย์ และสุขภาพ
วิทยาศาสตร์การแพทย์ และสุขภาพ
PE1128 ล982ภ ฉ.8 
  Barcode: 004259
ห้องสมุดวิทยาเขตนครสวรรค์
►นวนิยาย:l:Fiction
บนชั้น
10. วิทยาศาสตร์การแพทย์ และสุขภาพ
วิทยาศาสตร์การแพทย์ และสุขภาพ
PE1128 ล982ภ ฉ.9 
  Barcode: 004260
ห้องสมุดวิทยาเขตนครสวรรค์
►นวนิยาย:l:Fiction
บนชั้น

รายการใกล้เคียง
    ชื่อเรื่อง [ภาษาอังกฤษเพื่อการพยาบาล(ชุดภาษาสำหรับมืออาชีพ)]

    ผู้แต่ง [ไลฟ์เอบีซี]

    หัวเรื่อง [ภาษอังกฤษ--การใช้ภาษา]

BibComment


ยังไม่เคยถูกคอมเมนท์

คอมเมนท์ทรัพยากรรายการนี้
  คอมเมนท์: ภาษาอังกฤษเพื่อก..


 Copyright 2026. Bcnsprnw @Library